Piłkarze Znicza Pruszków - nagła śmierć - Statystyki

Ogólne statystyki
  • Ten quiz został rozwiązany 21 razy
  • Średni wynik to 4 z 20
Answers on the Grid
Answers color-coded by a green-red scale on the quiz's grid according to % correct below.
Jakub Łukowski
Joel Valencia
Dominik Furman
Kamil Biliński
Jakub Szumski
Radosław Majewski
Arkadiusz Pyrka
Damian Rasak
Tomasz Chałas
Bartosz Białek
Adam Ryczkowski
Robert Lewandowski
Marcin Kamiński
Igor Lewczuk
Aleksander Jagiełło
Rafał Grzelak
Mateusz Możdżeń
Damian Jakubik
Przemysław Trytko
Igor Sapała
Arkadiusz Jędrych
Miłosz Kozak
Kacper Kostorz
Jarosław Jach
Michał Kopczyński
Piotr Klepczarek
Konrad Michalak
Łukasz Surma
Adam Chrzanowski
Mateusz Mak
Łukasz Piątek
Bartłomiej Gradecki
Bartosz Fabiniak
Przemysław Kita
Kacper Smoliński
Bartosz Kopacz
Bartłomiej Ciepiela
Adrian Łyszczarz
Mariusz Misiura
Andrzej Niewulis
 
Statystyki odpowiedzi
Odpowiedź % Poprawnych
Joel Valencia
60%
Radosław Majewski
53%
Robert Lewandowski
47%
Jarosław Jach
40%
Arkadiusz Pyrka
27%
Igor Lewczuk
27%
Bartłomiej Ciepiela
20%
Kamil Biliński
20%
Mateusz Możdżeń
20%
Andrzej Niewulis
13%
Mariusz Misiura
13%
Mateusz Mak
13%
Bartłomiej Gradecki
7%
Adam Chrzanowski
0%
Aleksander Jagiełło
0%
Arkadiusz Jędrych
0%
Damian Jakubik
0%
Piotr Klepczarek
0%
Przemysław Kita
0%
Tomasz Chałas
0%
Nie znaleziono quizów pasujących do podanych kryteriów
Rozkład punktacji
Procent ludzi z każdym wynikiem
Percentyl według liczby udzielonych odpowiedzi
Twoja historia wyników
Nie rozwiązałeś tego quizu